000 nam a22 7a 4500
999 _c25735
_d25735
008 170201b xxu||||| |||| 00| 0 eng d
020 _a 9781618650573
050 _aLB 2353.57 .S28 2014
110 _aKaplan Test Prep and Admissions.
245 _a Close SAT premier/
_cKaplan Test Prep and Admissions.
250 _a2014 ed.
260 _aNew York :
_bKaplan Publishing,
_c©2013.
300 _axiii, 769 pages : illustrations ; 28 cm + 1 DVD (4 3/4)
650 _aSAT (Educational test) -- Study guides.
650 _aUniversities and colleges -- United States -- Entrance examinations -- Study guides.
650 _aSAT (Educational test)
942 _2lcc
_cBOOKS
_hLB 2353.57 .S28 2014